| 000 | 00774cab a2200229 4500 | ||
|---|---|---|---|
| 001 | X701 | ||
| 008 | 090401t1993 xxu||||| |||| 00| 0 eng d | ||
| 035 | _a(Sirsi) u67111 | ||
| 041 | _aeng | ||
| 100 | _aNathan, K.V.S.K. | ||
| 245 | _aWho is afraid of Sharia? - Islamic law and international commercial arbitration | ||
| 260 | _c1993 | ||
| 350 | _a0 | ||
| 490 |
_aArbitration _v59(2) May 1993, 125-131(7) |
||
| 650 | _aMANAGEMENT-DISPUTE AVOIDANCE, MANAGEMENT AND RESOLUTION-DISPUTE MANAGEMENT AND RESOLUTION-ARBITRATION | ||
| 650 | _aCOMMERCIAL LAW | ||
| 650 | _aINTERNATIONAL LAW | ||
| 650 | _aISLAMIC LAW | ||
| 690 | _aMANAGEMENT-DISPUTE AVOIDANCE, MANAGEMENT AND RESOLUTION-DISPUTE MANAGEMENT AND RESOLUTION-ARBITRATION | ||
| 942 | _n0 | ||
| 948 | _c04/03/1997 | ||
| 999 |
_c41985 _d41985 |
||